00684nam a22001817a 4500010001500000020001100015035001400026037001300040082001100053100001700064245006400081260003700145270010700182300003400289942002500323999001900348952013500367 aENG-119572 c140.00 aEN-103104 bDBAD/PUB a230.31 aVasantha Sai aShiva shakthi principle :cby Vasantha Saiba declaration / aTamil NadubMukthi Nilayamc2007 aRoyapalayam Village B.O. Thirumangalam S.O. Madurai-Virudhunagar Road, Madurai Dt.bTamil Nadue625706 a171p.:c22cm(pbk)bill. (col) 2ddccENh230.31mVAS c143317d143317 001040708NFICaBL4bBL4d2017-08-14eDBAD/PUBg140.00l1o230.31 VASpEN-103104r2025-10-17 00:00:00s2025-10-01t1v140.00yEN